[Event "TCh-BEL 2004-5"]
[Site "Belgium BEL"]
[Date "2004.09.26"]
[Round "2"]
[White "De Jonghe,B"]
[Black "Glek,I"]
[Result "0-1"]
[WhiteElo "2277"]
[BlackElo "2588"]

1.e4 c5 2.Nf3 e6 3.d4 cxd4 4.Nxd4 a6 5.Nc3 b5 6.Be2 Bb7 7.Bf3 Ne7 8.O-O Nbc6
9.Nb3 Ng6 10.Bh5 Be7 11.f4 O-O 12.Be3 d6 13.Qe1 Bh4 14.Qd2 Qc7 15.Rad1 Rad8
16.g4 Na5 17.Nxa5 Qxa5 18.Bxg6 fxg6 19.Qd3 Bf6 20.Ne2 Bxb2 21.Qb3 Qa3 22.Qxe6+ Kh8
23.c3 Bc8 24.Qe7 Rfe8 25.Qc7 Bxg4 26.f5 Rc8 27.Qd7 Bxc3 28.Nxc3 Qxc3 29.Bd4 Qc7
30.Bxg7+ Kg8 31.Rxd6 Qxd7 32.Rxd7 Rxe4 33.Ba1 Bxf5 34.Rg7+ Kf8 35.Rd1 Re7
36.Rxe7 Kxe7 37.Be5 Rc2 38.a3 Bh3 39.Bg3 Ke6 40.Rd3 Kf5 41.Bb8 Bg2 42.Rd4 Be4
43.Rd6 Rg2+ 44.Kf1 Rxh2 45.Rxa6 Ra2 46.Ra7 h5 47.Rf7+ Ke6 48.Ra7 h4 49.Rh7 g5
50.Rh6+ Kf5 51.Bd6 Bd3+ 52.Kg1 Kg4 53.Re6 Re2 54.Rxe2 Bxe2 55.Kf2 Bd1  0-1

[Event "Monarch Assurance"]
[Site "Port Erin IOM"]
[Date "2004.09.26"]
[Round "2"]
[White "Handke,F"]
[Black "Truman,R"]
[Result "1-0"]
[WhiteElo "2461"]
[BlackElo "2023"]

1.e4 c5 2.Nf3 e6 3.Nc3 a6 4.d4 cxd4 5.Nxd4 Qc7 6.Bd3 Nf6 7.O-O Nc6 8.Be3 Ne5
9.Nf3 Bc5 10.Nxe5 Qxe5 11.Qe2 Bxe3 12.Qxe3 d6 13.Be2 O-O 14.Rad1 b5 15.f4 Qc5
16.Qxc5 dxc5 17.e5 Nd7 18.Rd6 Ra7 19.a4 b4 20.Ne4 Rc7 21.Bxa6 Bxa6 22.Rxa6 Rb8
23.Rd1 Kf8 24.Rdd6 Ke7 25.h4 Rbc8 26.Kf2 Nb8 27.Ra8 Nd7 28.Rxc8 Rxc8 29.Ra6 Rc7
30.Kf3 f6 31.exf6+ gxf6 32.g4 Kf7 33.g5 f5 34.Nd6+ Ke7 35.Nc4 Nf8 36.h5 Nd7
37.Ra8 Kf7 38.Rd8 Kg7 39.h6+  1-0

[Event "Monarch Assurance"]
[Site "Port Erin IOM"]
[Date "2004.09.26"]
[Round "2"]
[White "Pym,T"]
[Black "Gordon,S"]
[Result "0-1"]
[WhiteElo "2059"]
[BlackElo "2338"]

1.e4 c5 2.Nf3 e6 3.d4 cxd4 4.Nxd4 a6 5.Nc3 b5 6.Bd3 Qb6 7.Nb3 Qc7 8.O-O Bb7
9.f4 b4 10.Ne2 Nf6 11.Ng3 h5 12.e5 Qb6+ 13.Kh1 h4 14.Ne2 h3  0-1

[Event "1st Central League"]
[Site "Vrnjacka Banja SCG"]
[Date "2004.09.26"]
[Round "3"]
[White "Batanjac,A"]
[Black "Vratonjic,S"]
[Result "0-1"]
[WhiteElo "2229"]
[BlackElo "2446"]

1.e4 c5 2.Nf3 e6 3.Nc3 a6 4.d4 cxd4 5.Nxd4 Qc7 6.g3 Nc6 7.Bg2 Nf6 8.O-O d6
9.a4 Be7 10.Nxc6 bxc6 11.a5 Bb7 12.Re1 O-O 13.Be3 Nd7 14.f4 c5 15.Na4 Bc6
16.c4 Rab8 17.Re2 Rb4 18.Bd2 Bxa4 19.Rxa4 Rxb2 20.Bc3 Rxe2 21.Qxe2 Bf6 22.Bxf6 Nxf6
23.Ra2 Rb8 24.h3 h5 25.e5 dxe5 26.fxe5 Nd7 27.Qxh5 Qxe5 28.Qf3 Qd4+ 29.Rf2 Ne5
30.Qe4 Nxc4 31.Qxd4 cxd4 32.Bf1 Rb1 33.Kh2 Nxa5 34.Bxa6 g6 35.Rc2 Rb6 36.Bd3 Rc6
37.Ra2 Nb3 38.Ra8+ Kg7 39.Rd8  0-1

[Event "TCh-Vojvodina"]
[Site "Sombor SCG"]
[Date "2004.09.27"]
[Round "4"]
[White "Popov,I SCG"]
[Black "Medar,Z"]
[Result "1/2-1/2"]
[WhiteElo "2255"]
[BlackElo "2183"]

1.e4 c5 2.Nf3 e6 3.d4 cxd4 4.Nxd4 a6 5.Nc3 Qc7 6.Bd3 Nc6 7.Be3 Nf6 8.O-O Ne5
9.h3 Nc4 10.Bxc4 Qxc4 11.Qd3 Qxd3 12.cxd3 d6 13.Rac1 Be7 14.f4 O-O 15.f5 Bd7
16.g4 h6 17.Kf2 Nh7 18.Kg3 Rac8 19.a3 Bf6 20.h4 Rfe8 21.Nde2 d5 22.fxe6 Bxe6
23.Bd4 dxe4 24.Nxe4 Bxd4 25.Nxd4 Rcd8 26.Nxe6 Rxd3+ 27.Rf3 Rxf3+ 28.Kxf3 Rxe6
29.Rc8+ Nf8 30.Nc5 Re7 31.Rb8 Rc7 32.b4 a5 33.Rxb7 Rxb7 34.Nxb7 axb4 35.axb4 Nd7
36.Nc5 Nb6 37.Ke4 Kf8 38.Kd4 Ke7 39.Ne4 Ke6 40.Nc5+ Kd6 41.Ne4+  1/2-1/2

[Event "Tatry Open"]
[Site "Tatranske Zruby SVK"]
[Date "2004.09.27"]
[Round "4"]
[White "Daels,M"]
[Black "Banas,J"]
[Result "1/2-1/2"]
[WhiteElo "2217"]
[BlackElo "2334"]

1.e4 c5 2.Nf3 e6 3.d4 cxd4 4.Nxd4 a6 5.Nc3 Nc6 6.Nxc6 bxc6 7.Bd3 Qc7 8.O-O Nf6
9.Qe2 e5 10.Bg5 Be7 11.Na4 O-O 12.c4 c5 13.Nc3  1/2-1/2

[Event "79th ch-ARG"]
[Site "Buenos Aires ARG"]
[Date "2004.09.28"]
[Round "6"]
[White "Pedro,F"]
[Black "Lujan,C"]
[Result "1/2-1/2"]
[WhiteElo "2255"]
[BlackElo "2318"]

1.e4 c5 2.Nf3 e6 3.d4 cxd4 4.Nxd4 a6 5.Nc3 Qc7 6.Be2 b5 7.O-O Bb7 8.Re1 Nc6
9.Nxc6 dxc6 10.e5 Rd8 11.Bd3 c5 12.Qg4 Ne7 13.Bg5 Rd4 14.Qg3 Nc6 15.Ne4 c4
16.Bf1 Nxe5 17.Nf6+ gxf6 18.Bxf6 Rg4 19.Qxe5 Qxe5 20.Bxe5 Rhg8 21.g3 Bc5
22.Bg2 Bxg2 23.Kxg2 Ke7 24.Rad1 f6 25.f3 R4g6 26.Bd4 Bd6 27.Bf2 h5 28.Re4 f5
29.Red4 Be5 30.Rd7+ Kf6 31.Bd4 h4 32.Bxe5+ Kxe5 33.Re1+ Kf6 34.Rd6 Ke7 35.Rxa6 hxg3
36.h3 Rd8 37.Re2 f4 38.a4 Rd5 39.axb5 Rxb5 40.Rc6 Rxb2  1/2-1/2

[Event "79th ch-ARG"]
[Site "Buenos Aires ARG"]
[Date "2004.10.01"]
[Round "9"]
[White "Tossutti,J"]
[Black "Reta,M"]
[Result "1/2-1/2"]
[WhiteElo "2165"]
[BlackElo "2188"]

1.e4 c5 2.Nf3 e6 3.d4 cxd4 4.Nxd4 a6 5.Nc3 b5 6.Bd3 Qb6 7.Nb3 Qc7 8.O-O Bb7
9.f4 d6 10.f5 e5 11.Qe1 Nf6 12.Bg5 Nbd7 13.a4 b4 14.Nd5 Nxd5 15.exd5 Bxd5
16.Qxb4 Qb6+  1/2-1/2

[Event "Monarch Assurance"]
[Site "Port Erin IOM"]
[Date "2004.10.01"]
[Round "7"]
[White "Zhang Zhong"]
[Black "Bannink,B"]
[Result "1-0"]
[WhiteElo "2603"]
[BlackElo "2280"]

1.e4 c5 2.Nf3 e6 3.d4 cxd4 4.Nxd4 a6 5.Nc3 b5 6.Bd3 Qb6 7.Nf3 Qc7 8.O-O Bb7
9.Re1 d6 10.a4 b4 11.Na2 a5 12.c3 Nc6 13.Bb5 bxc3 14.Nxc3 Be7 15.Nd5 exd5
16.exd5 Kf8 17.dxc6 Bxc6 18.Nd4 Bb7 19.Bf4 Rd8 20.Rc1 Qb8 21.Nf5 h6 22.Qd4 Rh7
23.Nxe7 Nxe7 24.Rxe7  1-0

[Event "Open"]
[Site "Winterthur SUI"]
[Date "2004.10.01"]
[Round "1"]
[White "Wyss,J"]
[Black "Miezis,N"]
[Result "0-1"]
[WhiteElo "1947"]
[BlackElo "2524"]

1.e4 c5 2.Nf3 e6 3.d4 cxd4 4.Nxd4 a6 5.Nc3 Qc7 6.a3 b5 7.Be3 Bb7 8.Bd3 Nf6
9.Nde2 Nc6 10.O-O Ne5 11.Bf4 Bc5 12.Qd2 h6 13.Bg3 Nh5 14.Rad1 Nxg3 15.Nxg3 h5
16.Be2 O-O-O 17.b4 Ba7 18.Bxb5 h4 19.Nge2 h3 20.Qf4 hxg2 21.Kxg2 g5 22.Qg3 f5
23.f3 f4 24.Qe1 g4 25.Nd4 Rdg8 26.Kh1 g3  0-1

[Event "YM"]
[Site "Winterthur SUI"]
[Date "2004.10.01"]
[Round "1"]
[White "Zozulia,A"]
[Black "Gattenloehner,S"]
[Result "1-0"]
[WhiteElo "2412"]
[BlackElo "2235"]

1.e4 c5 2.Nf3 e6 3.d4 cxd4 4.Nxd4 a6 5.Nc3 b5 6.Bd3 Qb6 7.Nb3 Qc7 8.O-O d6
9.f4 b4 10.Nb1 Nf6 11.Be3 Bb7 12.N1d2 Nbd7 13.c3 bxc3 14.Rc1 Rc8 15.Rxc3 Qd8
16.Rxc8 Qxc8 17.Na5 Nc5 18.Nxb7 Nxd3 19.Qa4+ Nd7 20.Qxa6 Qc7 21.Nc4 N7c5
22.Nbxd6+ Bxd6 23.Qxd6 Qxd6 24.Nxd6+ Ke7 25.e5 f6 26.Bxc5 Nxc5 27.Rc1 Nd7
28.Rc8  1-0

[Event "Monarch Assurance"]
[Site "Port Erin IOM"]
[Date "2004.10.02"]
[Round "8"]
[White "Zawadzka,J"]
[Black "Li Ruofan"]
[Result "0-1"]
[WhiteElo "2272"]
[BlackElo "2414"]

1.e4 c5 2.Nf3 e6 3.d4 cxd4 4.Nxd4 a6 5.Nc3 Qc7 6.Bd3 Bc5 7.Nb3 Be7 8.Qg4 g6
9.Qe2 d6 10.O-O Nd7 11.a4 b6 12.f4 Ngf6 13.Bd2 Bb7 14.Rae1 O-O 15.Kh1 Rfe8
16.f5 exf5 17.exf5 Bf8 18.Qf2 Bg7 19.fxg6 fxg6 20.Bg5 Rxe1 21.Rxe1 Ne5 22.Nd4 Qf7
23.Bxf6 Nxd3 24.cxd3 Qxf6 25.Qxf6 Bxf6 26.Nf3 Rc8 27.Re6 Kf7 28.Rxd6 Bc6
29.Nd4 Bxa4 30.g3 Be8 31.Nce2 Rd8 32.Rxd8 Bxd8 33.Kg2 Kf6 34.Kf2 b5 35.Nc3 Ke5
36.Nf3+ Kd6 37.Ne4+ Kc6 38.Ke3 a5 39.Kd2 b4 40.Kc2 a4 41.Ne5+ Kd5 42.Nc4 Be7
43.Ned2 b3+ 44.Kc3 Bf6+ 45.Kb4 Kd4 46.Nf3+ Kxd3 47.Nfe5+ Kc2 48.Ng4 Bxb2
49.Nge3+ Kc1 50.Nb6 Bd4  0-1

[Event "TCh-Vojvodina"]
[Site "Sombor SCG"]
[Date "2004.10.02"]
[Round "10"]
[White "Seguljev,D"]
[Black "Pavlovic,Nen"]
[Result "0-1"]
[WhiteElo "2034"]
[BlackElo "2017"]

1.e4 c5 2.Nf3 e6 3.d4 cxd4 4.Nxd4 a6 5.Nc3 Qc7 6.Bd3 Nf6 7.Bg5 Nc6 8.Bxf6 gxf6
9.Nde2 b5 10.Ng3 Bb7 11.Qh5 Ne5 12.O-O Rg8 13.Qxh7 Rg6 14.Qh5 Bc5 15.Qe2 Ke7
16.Nd1 Ng4 17.Ne3 Bxe3 18.fxe3 Nxh2 19.Rf4 Rxg3 20.Kxh2 Rag8 21.Qf2 f5 22.Rf1 Qe5
23.Qxg3 Rxg3 24.Kxg3 fxe4 25.Be2 f5 26.c3 Kf6 27.Rh1 Qc5 28.Kf2 e5 29.Rh6+ Kg7
30.Rfh4 f4 31.Rh7+ Kg8 32.Rh8+ Kg7 33.R4h7+ Kf6 34.Rh6+ Ke7 35.R8h7+ Kd8
36.Rh3 Kc7 37.g4 f3 38.Bf1 Qd5 39.Kg3 Qd1 40.Rh1 Qe1+  0-1

[Event "Premier League"]
[Site "Belgrade SCG"]
[Date "2004.10.03"]
[Round "9"]
[White "Zivkovic,S"]
[Black "Pucarevic,M"]
[Result "0-1"]
[WhiteElo "2311"]
[BlackElo "2296"]

1.e4 c5 2.Nf3 e6 3.d4 cxd4 4.Nxd4 a6 5.Nc3 Qc7 6.g3 Nf6 7.Bg2 Be7 8.O-O d6
9.a4 O-O 10.g4 Nc6 11.Nb3 b6 12.g5 Nd7 13.f4 Bb7 14.Be3 Rfe8 15.Qh5 g6 16.Qh4 f5
17.exf5 gxf5 18.Rf3 Nf8 19.Rh3 Bd8 20.Rd1 Rb8 21.Qh5 Re7 22.Qh6 Rg7 23.Rd2 Ba8
24.Bf3 b5 25.axb5 axb5 26.Rg2 Ng6 27.Nd4 Nxd4 28.Bxa8 Rxa8 29.Bxd4 Ra1+ 30.Kf2 e5
31.Be3 Qc4 32.Ne2 Qxc2 33.fxe5 dxe5 34.Rf3 f4 35.Bxf4 exf4 36.Rc3 Bb6+ 37.Kf3 Rf1+
38.Kg4 Qe4  0-1

[Event "Open"]
[Site "Winterthur SUI"]
[Date "2004.10.03"]
[Round "3"]
[White "Gavrilova,A"]
[Black "Malakhatko,V"]
[Result "0-1"]
[WhiteElo "1996"]
[BlackElo "2571"]

1.e4 c5 2.Nf3 e6 3.d4 cxd4 4.Nxd4 a6 5.Nc3 b5 6.Bd3 Qb6 7.Be3 Bc5 8.Nce2 Nf6
9.h3 Bb7 10.c3 Bxe4 11.Bxe4 Nxe4 12.b4 Bxd4 13.Bxd4 Qb7 14.Bxg7 Rg8 15.Qd4 f5
16.f3 Nc6 17.Qe3 Rxg7 18.fxe4 Ne7 19.Qd4 Rxg2 20.Nf4 Rg8 21.O-O-O O-O-O 22.Qc5+ Qc7
23.Qxc7+ Kxc7 24.exf5 Nxf5 25.Rd3 Rg3 26.Rhd1 Rxd3 27.Rxd3 Rg8 28.Nh5 d5
29.Nf6 Rg1+ 30.Kc2 h6 31.Ng4 Kd6 32.Kb3 Rb1+ 33.Kc2 Re1 34.Rf3 Re2+ 35.Kd3 Rxa2
36.Nf2 h5 37.Rf4 Ke5 38.Rf3 Rb2 39.Nd1 Rg2 40.Ne3 Nxe3 41.Kxe3 h4  0-1

[Event "Open"]
[Site "Winterthur SUI"]
[Date "2004.10.04"]
[Round "4"]
[White "Neubauer,M"]
[Black "Rodshtein,M"]
[Result "1/2-1/2"]
[WhiteElo "2440"]
[BlackElo "2377"]

1.e4 c5 2.Nf3 e6 3.d4 cxd4 4.Nxd4 a6 5.Nc3 b5 6.Bd3 Qb6 7.Nf3 Qc7 8.O-O Bb7
9.Re1 Be7 10.e5 f5 11.exf6 Nxf6 12.Bg5 Nc6 13.Ne4 O-O 14.Nxf6+ Bxf6 15.Bxf6 Rxf6
16.c3 Raf8 17.Be4 Kh8 18.Qe2 d5 19.Bc2 e5 20.Nxe5 Nxe5 21.Qxe5 Qxe5 22.Rxe5 Rxf2
23.Bd3 d4 24.Re2 Rxe2 25.Bxe2 Re8 26.Bf1 dxc3 27.bxc3 Rc8  1/2-1/2

[Event "YM"]
[Site "Winterthur SUI"]
[Date "2004.10.04"]
[Round "4"]
[White "Kuemin,S"]
[Black "Gattenloehner,S"]
[Result "1-0"]
[WhiteElo "2392"]
[BlackElo "2235"]

1.e4 c5 2.Nf3 e6 3.d4 cxd4 4.Nxd4 a6 5.Nc3 b5 6.Bd3 Qb6 7.Nf3 Nc6 8.O-O Qb8
9.e5 Bb7 10.Re1 Nge7 11.Bf4 f5 12.Bg3 Ng6 13.h4 Bc5 14.h5 Nge7 15.Qd2 Qc7
16.a3 Nd4 17.Nh4 Qc6 18.Rad1 g5 19.hxg6 Nxg6 20.Ne4 fxe4 21.Bxe4 Qc7 22.Nxg6 hxg6
23.Qg5 Bxe4 24.Rxe4 Rg8 25.Rexd4 Bxd4 26.Rxd4 Qd8 27.Qd2 Rc8 28.Bh4 Qc7 29.Qg5 Qd8
30.Qh6 g5 31.Qh7 Kf8 32.Rd3 Rc4 33.Rf3+  1-0

[Event "FSGM October"]
[Site "Budapest HUN"]
[Date "2004.10.06"]
[Round "5"]
[White "Wittmann,W"]
[Black "Seres,L"]
[Result "1/2-1/2"]
[WhiteElo "2337"]
[BlackElo "2448"]

1.e4 c5 2.Nf3 e6 3.d4 cxd4 4.Nxd4 a6 5.Nc3 b5 6.Bd3 Qb6 7.Nf3 d6 8.O-O Nf6
9.a4 b4 10.a5 Qc7 11.Na4 Nbd7 12.Be3 Bb7 13.Nb6 Nxb6 14.Bxb6 Qd7 15.Re1 Be7
16.Qe2 O-O 17.Nd2 Rfc8 18.Red1 Qe8 19.Nc4 Bxe4 20.Nxd6  1/2-1/2

[Event "Goodbye Summer Open"]
[Site "Omis CRO"]
[Date "2004.10.10"]
[Round "7"]
[White "Fercec,N"]
[Black "Ljubicic,F"]
[Result "1/2-1/2"]
[WhiteElo "2477"]
[BlackElo "2395"]

1.e4 c5 2.Nf3 e6 3.Nc3 a6 4.d4 cxd4 5.Nxd4 Qc7 6.Be3 Nc6 7.Qd2 Nf6 8.O-O-O Bb4
9.f3 Ne5 10.Kb1 O-O 11.g4 b5 12.g5 Bxc3 13.Qxc3 Qxc3 14.bxc3 Ne8 15.Bc1 f6
16.gxf6 Rxf6 17.f4 Nc4 18.e5 Rf7 19.Bg2 Rb8 20.f5 Nc7 21.fxe6 Nxe6 22.Rhe1 Bb7
23.Bh3 Re8 24.Nf5 Nc5 25.Nd6 Nxd6 26.exd6 Rxe1 27.Rxe1 Ne4 28.Ka1 Nxd6 29.Ba3 Ne4
30.Rd1 h5 31.Rxd7 Rxd7 32.Bxd7 Nxc3 33.Kb2 Ne4 34.Be6+ Kh7 35.Bf5+ g6 36.Bxe4 Bxe4
37.Be7 Kg7 38.h4 Kf7 39.Bg5 Ke6 40.c3  1/2-1/2

[Event "36th Olympiad w"]
[Site "Calvia ESP"]
[Date "2004.10.26"]
[Round "11"]
[White "Berzina,I"]
[Black "Shukurova,M"]
[Result "0-1"]
[WhiteElo "2240"]
[BlackElo "2281"]

1.e4 c5 2.Nf3 e6 3.d4 cxd4 4.Nxd4 a6 5.Nc3 Qc7 6.g3 Bb4 7.Ne2 Nf6 8.Bg2 Be7
9.O-O O-O 10.h3 Nc6 11.g4 b5 12.Ng3 b4 13.Nd5 exd5 14.exd5 Bc5 15.dxc6 Qxg3
16.Kh1 Qh4 17.g5 Ne4 18.Qd5 Nxf2+ 19.Kh2 d6 20.Qf3 Ng4+ 21.Kh1 Ne5  0-1

[Event "36th Olympiad"]
[Site "Calvia ESP"]
[Date "2004.10.28"]
[Round "13"]
[White "Guller,A"]
[Black "Faulks,N"]
[Result "1/2-1/2"]
[WhiteElo "2110"]
[BlackElo "2056"]

1.e4 c5 2.Nf3 e6 3.Nc3 a6 4.d4 cxd4 5.Nxd4 b5 6.Bd3 Qb6 7.Nb3 Qc7 8.O-O Nf6
9.Qe2 d6 10.f4 b4 11.Nd1 Nbd7 12.Bd2 Bb7 13.Nf2 a5 14.Nd4 Rc8 15.Kh1 Be7
16.Rae1 h5 17.c3 bxc3 18.Bxc3 h4 19.Nh3 Nc5 20.e5 Nfd7 21.Nb5 Qb8 22.exd6 Bxd6
23.Nxd6+ Qxd6 24.Bb5 Rh6 25.Rd1 Qe7 26.f5 exf5 27.Qxe7+ Kxe7 28.Bxa5 Bc6
29.Bxc6 Rcxc6 30.Bb4 Rhe6 31.Nf4 Re4 32.a3 g5 33.Nd5+ Ke6 34.Nc3 Re5 35.Nb5 Nb3
36.Rfe1 Ndc5 37.Bxc5 Rxc5 38.Rxe5+ Kxe5 39.Nc3 f4 40.Kg1 Nd4 41.Re1+ Kf5
42.Kf2 g4 43.g3 fxg3+ 44.hxg3 h3 45.Re4 Nb5 46.Rf4+ Ke5 47.Rxg4 Nxc3 48.bxc3 Rxc3
49.Rh4 Rxa3  1/2-1/2

[Event "19th Open"]
[Site "Le Touquet FRA"]
[Date "2004.10.28"]
[Round "6"]
[White "Montheard,X"]
[Black "Korneev,O"]
[Result "0-1"]
[WhiteElo "2261"]
[BlackElo "2583"]

1.e4 c5 2.Nf3 e6 3.d4 cxd4 4.Nxd4 a6 5.Nc3 Qc7 6.Bd3 Nc6 7.Be3 Nf6 8.O-O Ne5
9.h3 Bc5 10.Kh1 d6 11.Qd2 O-O 12.f4 Ng6 13.Nf3 b5 14.Bxc5 Qxc5 15.a3 Bb7
16.Rae1 Rad8 17.Ng5 Nh5 18.Kh2 Nhxf4 19.Nf3 Qh5 20.Ng1 Nxd3 21.cxd3 d5 22.Qf2 dxe4
23.dxe4 Ne5 24.Qb6 Rd7 25.Rd1 Nc4 26.Qa7 Qe5+ 27.Kh1 Rxd1 28.Rxd1 Nxb2 29.Qxb7 Nxd1
30.Nxd1 Qd4  0-1

[Event "Open"]
[Site "Liberec CZE"]
[Date "2004.10.28"]
[Round "7"]
[White "Stross,F"]
[Black "Bjornsson,T"]
[Result "1-0"]
[WhiteElo "2261"]
[BlackElo "2240"]

1.e4 c5 2.Nc3 e6 3.Nf3 a6 4.d4 cxd4 5.Nxd4 Qc7 6.Bd3 Nc6 7.Nxc6 bxc6 8.O-O e5
9.f4 d6 10.fxe5 dxe5 11.Bc4 Nf6 12.Qe1 Bc5+ 13.Kh1 O-O 14.Rxf6 gxf6 15.Bh6 Kh8
16.Qh4 Qe7 17.Bxf8 Qxf8 18.Qxf6+ Kg8 19.Rf1 Ra7 20.Rf3 h6 21.Qg6+ Kh8 22.Qxc6 f5
23.Rg3  1-0

[Event "19th Open"]
[Site "Le Touquet FRA"]
[Date "2004.10.30"]
[Round "8"]
[White "Dgebuadze,A"]
[Black "Bratanov,Z"]
[Result "1-0"]
[WhiteElo "2550"]
[BlackElo "2448"]

1.e4 c5 2.Nf3 e6 3.d4 cxd4 4.Nxd4 a6 5.Nc3 b5 6.Bd3 Qb6 7.Nf3 Nc6 8.O-O Qb8
9.Qe2 d6 10.a4 b4 11.Nd1 Nf6 12.Ne3 Nd7 13.Nc4 a5 14.Bf4 Nce5 15.Bg3 Be7
16.Ncxe5 dxe5 17.Bb5 Bf6 18.Rfd1 Qc7 19.c3 b3 20.Nd2 O-O 21.Nxb3 Nb6 22.f3 Bd7
23.Bf2 Bxb5 24.axb5 Qc4 25.Qxc4 Nxc4 26.Nc5 Nxb2 27.Rdb1 Nc4 28.b6  1-0

[Event "Open"]
[Site "Liberec CZE"]
[Date "2004.10.30"]
[Round "9"]
[White "Valenta,V jr"]
[Black "Vavra,P1"]
[Result "0-1"]
[WhiteElo "2164"]
[BlackElo "2392"]

1.e4 c5 2.Nc3 e6 3.Nf3 a6 4.d4 cxd4 5.Nxd4 b5 6.Be2 Bb7 7.Bf3 Qc7 8.O-O b4
9.Nce2 Nf6 10.Ng3 Nc6 11.Nxc6 Bxc6 12.Re1 Bd6 13.Qd4 Be7 14.Bd2 a5 15.c4 d6
16.e5 Bxf3 17.gxf3 dxe5 18.Qxe5 Qxc4 19.Nf5 Bf8 20.Bg5 Rg8 21.Rac1 Qd5 22.Qc7 Rd8
23.Re5 Qxf3 24.Rce1 Qg4+ 25.Ng3 Be7 26.Rb5 Qd4 27.Rb7 Qd7 28.Qb6 Bc5 29.Qa6 Qd5
30.Qb5+ Kf8 31.Rb8 Rxb8 32.Qxb8+ Ne8 33.Ne4 h6 34.Bf4 g5 35.Be5 Ba7 36.Bd6+ Kg7
37.Be5+ Kg6 38.Qxa7 Qxe5 39.Re3 Qd5 40.Qe7 f5 41.Nxg5 hxg5 42.Rxe6+ Kh5 43.Qh7+ Kg4
44.Re3 Kf4 45.Qh5 Nf6 46.Qe2 Rd8  0-1

[Event "8th OIBM"]
[Site "Bad Wiessee GER"]
[Date "2004.11.02"]
[Round "4"]
[White "Rudolf,Hen"]
[Black "Nordstrom,F"]
[Result "1-0"]
[WhiteElo "2322"]
[BlackElo "2197"]

1.e4 c5 2.Nf3 e6 3.d4 cxd4 4.Nxd4 a6 5.Nc3 Qc7 6.Be2 b5 7.O-O Bb7 8.Re1 b4
9.Na4 Bxe4 10.Bf3 d5 11.Bxe4 dxe4 12.Rxe4 Nf6 13.Bf4 Qb7 14.Nxe6 fxe6 15.Rxe6+ Kf7
16.Rb6 Qa7 17.Qf3 Be7 18.Rb7 Qd4 19.Rd1 Qc4 20.Nb6 Qxc2 21.Nxa8 Nc6 22.Rc7 Rxa8
23.Rxc6 Qf5 24.Rc7 Re8 25.Re1 Kf8 26.Rcxe7 Rxe7 27.Bd6  1-0

[Event "8th OIBM"]
[Site "Bad Wiessee GER"]
[Date "2004.11.03"]
[Round "5"]
[White "Polzin,R"]
[Black "Landa,K"]
[Result "0-1"]
[WhiteElo "2517"]
[BlackElo "2571"]

1.e4 c5 2.Nf3 e6 3.d4 cxd4 4.Nxd4 a6 5.Nc3 Qc7 6.Be2 b5 7.O-O Bb7 8.Re1 Nc6
9.Nxc6 dxc6 10.e5 Bb4 11.Bd3 Ne7 12.Qg4 c5 13.Bg5 Ng6 14.Bxg6 hxg6 15.Re3 Bxc3
16.bxc3 Bd5 17.Rd1 Rc8 18.a4 c4 19.a5 Rb8 20.Bf4 Qxa5 21.Rh3 Rxh3 22.Qxh3 Qa3
23.Qh7 Qf8 24.Ra1 Ra8 25.Be3 a5 26.Bb6 Kd7 27.Qh4 Ra6 28.Be3 a4 29.Qd4 Kc6
30.Qd1 b4 31.cxb4 Qxb4 32.Rb1 Qa5 33.Rb8 a3 34.Qb1 Kd7 35.Rb7+ Bxb7 36.Qxb7+ Ke8
37.h3 a2 38.Qc8+ Qd8 39.Qxa6 Qd1+ 40.Kh2 a1=Q 41.Qc8+ Qd8 42.Qc6+ Qd7  0-1

[Event "World Seniors"]
[Site "Halle GER"]
[Date "2004.11.03"]
[Round "9"]
[White "Schmid,Ha"]
[Black "Liebert,H"]
[Result "0-1"]
[WhiteElo "2200"]
[BlackElo "2293"]

1.e4 c5 2.Nf3 e6 3.d4 cxd4 4.Nxd4 a6 5.Nc3 Qc7 6.g3 d6 7.Bg2 Bd7 8.O-O Be7
9.Re1 Nf6 10.Nce2 O-O 11.b3 Nc6 12.Nxc6 bxc6 13.c4 Rad8 14.Nc3 c5 15.Qc2 Bc6
16.Bf4 Ng4 17.Rad1 Ne5 18.Bc1 Bb7 19.f4 Nc6 20.Be3 Bf6 21.Ne2 e5 22.fxe5 Bxe5
23.Rf1 Qe7 24.Kh1 Rfe8 25.Bg1 g6 26.Rd2 Bg7 27.Nf4 Nd4 28.Bxd4 Bxd4 29.Re2 Kg7
30.Qd3 Be5 31.Nd5 Bxd5 32.cxd5 Ra8 33.Rc2 Reb8 34.Rc4 a5 35.Rfc1 Rb4 36.a3 Rb7
37.Ra4 Rab8 38.Rb1 Qd8 39.Bf1 h5 40.Qf3 h4 41.g4 Qg5 42.Bc4 Qd2 43.Qg2 Qc3
44.Qe2 h3 45.Rf1 Rxb3 46.Bxb3 Rxb3 47.Rc4 Qb2 48.Rc2 Qxa3 49.Qf2 Rb7 50.Re2 Bd4
51.Qe1 Qd3 52.Rd2 Qc3 53.Qd1 a4 54.Rd3 Qb2 55.Rxh3 a3 56.Qf3 a2 57.e5 Bxe5
58.Qe3 a1=Q  0-1

[Event "World Seniors"]
[Site "Halle GER"]
[Date "2004.11.03"]
[Round "9"]
[White "Strauss,A"]
[Black "Kanko,I"]
[Result "1-0"]
[WhiteElo "2157"]
[BlackElo "2271"]

1.e4 c5 2.Nf3 e6 3.d4 cxd4 4.Nxd4 a6 5.Nc3 b5 6.Bd3 Bc5 7.Nb3 Be7 8.O-O d6
9.a4 bxa4 10.Rxa4 Nf6 11.Qe2 Bb7 12.Na5 Bc8 13.f4 Nfd7 14.Ra1 Qc7 15.Kh1 O-O
16.e5 g6 17.exd6 Bxd6 18.Ne4 Be7 19.Bd2 Nc6 20.Bc3 Nb4 21.Bc4 Nd5 22.Be5 Nxe5
23.fxe5 Qxe5 24.Nc6 Qxb2 25.Bxd5 exd5 26.Nxe7+ Kg7 27.Nxd5 Bf5 28.Nd6 Bd7
29.Qe7 Be6 30.Nc7 Ba2  1-0

[Event "TCh-SWE Elitserien 2004-5"]
[Site "Skara SWE"]
[Date "2004.11.05"]
[Round "1"]
[White "Andersson,J"]
[Black "Couso,L"]
[Result "0-1"]
[WhiteElo "2150"]
[BlackElo "2339"]

1.e4 c5 2.Nf3 e6 3.Nc3 a6 4.d4 cxd4 5.Nxd4 Qc7 6.g3 Nc6 7.Bg2 Nf6 8.O-O d6
9.a4 Be7 10.h3 O-O 11.Be3 Re8 12.f4 Nd7 13.Qe2 Rb8 14.Qc4 Nb6 15.Qa2 Nb4
16.Qb3 Nc4 17.Bf2 d5 18.Nb1 dxe4 19.Bxe4 e5 20.fxe5 Bxh3 21.Re1 Nxe5 22.Nc3 Bc5
23.Nd5 Nxd5 24.Bxd5 Ng4 25.c3 Nxf2 26.Kxf2 b6 27.Qc4 h5 28.b4 Bxd4+ 29.cxd4 Qd7
30.Bc6 Qf5+ 31.Kg1 Rxe1+ 32.Rxe1 h4 33.Qc3 Rd8 34.Be4 Qf6 35.Rd1 g6 36.gxh4 Qxh4
37.Qc7 Re8 38.Qc2 Qxe4  0-1

[Event "Extraliga CZE 2004-5"]
[Site "Czech Rep CZE"]
[Date "2004.11.06"]
[Round "1"]
[White "Zawadzki,S"]
[Black "Stohl,I"]
[Result "1/2-1/2"]
[WhiteElo "2398"]
[BlackElo "2561"]

1.e4 c5 2.Nc3 e6 3.Nf3 a6 4.d4 cxd4 5.Nxd4 Qc7 6.Be2 Nf6 7.Be3 Bb4 8.O-O Bxc3
9.bxc3 Nxe4 10.Bd3 d5 11.c4 Nf6 12.cxd5 Nxd5 13.Qh5 Nf4 14.Bxf4 Qxf4 15.Rad1 g6
16.Qc5 Nd7 17.Qb4 Qg5 18.Be4 Qc5 19.Qb3 O-O 20.Bxb7 Bxb7 21.Qxb7 Nf6 22.Rfe1 Rad8
23.Qc6 Qa5 24.Qc4 Rc8 25.Qb3 Qc5 26.Qa4 Qc4 27.Qxc4 Rxc4 28.Rd2 Rd8 29.Red1 Ne4
30.Rd3 Rd5 31.Nb3 Rxc2 32.Rxd5 exd5 33.Rxd5 Rxa2 34.f3 Ra3 35.fxe4 Rxb3 36.Ra5 Rb6
37.Kf2 Kf8 38.Ke3 h5 39.g3 Ke7 40.Kd4 Rd6+ 41.Ke5 Re6+ 42.Kd4 Rb6 43.Ra2 Kd7
44.Ra3 Rd6+ 45.Ke5 f6+ 46.Kf4 Rb6 47.h4 Ke7 48.Ke3 Ke6 49.Kd4 Rb4+ 50.Kc5 Rxe4
51.Rf3 a5 52.Kb5 Re5+ 53.Ka4 Re4+ 54.Kxa5 f5 55.Kb5 Ke7 56.Kc5 Kd7 57.Kd5 Ke7
58.Ra3 Kf6 59.Ra6+ Kg7 60.Ra3 Kh6 61.Rb3 Re1 62.Ra3 Re2 63.Rb3 Kg7 64.Rb7+ Kf6
65.Rb6+ Kf7 66.Rb3 Re7 67.Ra3 g5 68.hxg5 Kg6 69.Ra8 Kxg5 70.Rg8+ Kf6 71.Rh8 Rg7
72.Rxh5 Rxg3 73.Kd4 Rg6 74.Rh1 Rg5 75.Rf1  1/2-1/2

[Event "V Open"]
[Site "Sauzal ESP"]
[Date "2004.11.06"]
[Round "2"]
[White "Barrio Pareja,E"]
[Black "Strikovic,A"]
[Result "0-1"]
[WhiteElo "2027"]
[BlackElo "2470"]

1.e4 c5 2.Nf3 e6 3.d4 cxd4 4.Nxd4 a6 5.Nc3 b5 6.Be3 Bb7 7.Bd3 Qc7 8.O-O Nf6
9.f3 Nc6 10.a3 Bc5 11.Nce2 d5 12.exd5 Nxd5 13.Bf2 Rd8 14.Nxc6 Qxc6 15.Bxc5 Qxc5+
16.Kh1 Ne3 17.Qd2 Nxf1 18.Rxf1 O-O 19.Qf4 f5 20.Ng3 Qd4 21.Qg5 Qf6 22.Qc1 g6
23.b3 e5 24.Qe1 h5 25.Qc1 h4 26.Ne2 h3 27.Ng3 Qh4 28.Qb2 e4 29.fxe4 f4 30.Ne2 hxg2+
31.Kxg2 f3+ 32.Rxf3 Bxe4 33.Bxe4 Qxe4 34.Ng1 Rd2+ 35.Kg3 Qe1+ 36.Kh3 Qe6+
37.Kg3 Qd6+ 38.Kg4 Rg2+ 39.Rg3 Qe6+  0-1

[Event "V Open"]
[Site "Sauzal ESP"]
[Date "2004.11.06"]
[Round "5"]
[White "Alvarez Diaz,V"]
[Black "Vidarte Morales,A"]
[Result "0-1"]
[WhiteElo "2125"]
[BlackElo "2375"]

1.e4 c5 2.Nf3 e6 3.d4 cxd4 4.Nxd4 a6 5.Nc3 Qc7 6.Be3 b5 7.Qd2 Bb7 8.f3 Nf6
9.O-O-O d6 10.g4 Nfd7 11.Kb1 Ne5 12.h4 Nbd7 13.g5 Nb6 14.h5 b4 15.Nce2 Nbc4
16.Qc1 Rc8 17.g6 hxg6 18.Ng3 gxh5 19.Nxh5 Nxe3 20.Qxe3 Rh6 21.Nxg7+ Bxg7
22.Rxh6 Bxh6 23.Qxh6 Nxf3 24.Rc1 Nxd4 25.Qh8+ Ke7 26.Qxd4 Qc5 27.Qd3 Qe5
28.Bg2 Rg8 29.Bh1 Rg3 30.Qe2 a5 31.Rd1  0-1

[Event "Extraliga CZE 2004-5"]
[Site "Czech Rep CZE"]
[Date "2004.11.07"]
[Round "2"]
[White "Klima,L"]
[Black "Oral,T"]
[Result "1/2-1/2"]
[WhiteElo "2475"]
[BlackElo "2565"]

1.e4 c5 2.Nf3 e6 3.Nc3 a6 4.d4 cxd4 5.Nxd4 b5 6.Bd3 Qb6 7.Be3 Bc5 8.Qg4 Bxd4
9.e5 Bxe3 10.Qxg7 Bxf2+ 11.Kf1 Bh4 12.g3 Bb7 13.gxh4 Nc6 14.Qxh8 O-O-O 15.Rg1 Nge7
16.Qf6 b4 17.Ne4 Nd5 18.Qf2 Nxe5 19.Qxb6 Nxb6 20.Nd6+ Kc7 21.Nxb7 Kxb7 22.Re1 Nxd3
23.cxd3 f5 24.Rg7 Kc6 25.Rxh7 Nd5 26.Kf2 Kc5 27.Rf7 Nf4 28.Rc1+ Kd5 29.Kf3 Ng6
30.Rg7 Ne5+ 31.Ke3 Rh8 32.d4 f4+ 33.Kxf4 Nd3+ 34.Kg5 Nxc1 35.Rxd7+ Ke4 36.h5 Ne2
37.h6 Nxd4 38.Kg6 Nf5  1/2-1/2